LEADER 01281nam0 2200301 i 450 001 VAN0006589 005 20070614120000.0 010 $a88-13-16823-3 100 $a20020821d1990 |0itac50 ba 101 $aita 102 $aIT 105 $a|||| ||||| 200 1 $aˆL'‰amministrazione della giustizia fra Ministero e Consiglio Superiore$fGiuseppe Verde 210 $aPadova$cCedam$d1990 215 $aX, 271 p.$d25 cm. 410 1$1001VAN0004291$12001 $aPubblicazioni della Facoltà di giurisprudenza dell'Università di Palermo$1210 $aPadova$cCEDAM.$v10 606 $aConsiglio superiore della magistratura$xPoteri$3VANC003985$2FI 606 $aMinistero grazia e giustizia-Poteri$3VANC003986$2FI 620 $dPadova$3VANL000007 676 $a351.88$v21 700 1$aVerde$bGiuseppe$3VANV005638$0231332 712 $aCEDAM $3VANV111515$4650 801 $aIT$bSOL$c20230616$gRICA 899 $aBIBLIOTECA DEL DIPARTIMENTO DI GIURISPRUDENZA$1IT-CE0105$2VAN00 912 $aVAN0006589 950 $aBIBLIOTECA DEL DIPARTIMENTO DI GIURISPRUDENZA$d00CONS VIII.Ei.65 $e00 20163 20020821 996 $aAmministrazione della giustizia fra Ministero e Consiglio Superiore$91438695 997 $aUNICAMPANIA